Statistics for Race-to-Nine Word Puzzle #9

Click here to take the quiz!

General Stats

  • This quiz has been taken 3,045 times
  • The average score is 3 of 7

Answer Stats

#Answer% Correct
3Arc, Car
100%
4Arco, Orca
88%
5Actor, Taroc
58%
6Captor, Cartop
35%
7Apricot, Aprotic, Parotic
21%
8Operatic
8%
9Proactive
7%

Score Distribution

Percentile by Number Answered

Percent of People with Each Score

Your Score History

You have not taken this quiz